Agricultural sector transformation in selected countries of South Eastern Europe

Transformácia poľnohospodárskeho sektora vo vybraných krajinách juhovýchodnej Európy.

Salvato in:
Dettagli Bibliografici
Autore principale: Braha, Kushtrim
Natura: Capitolo di libro
Lingua:inglese
Soggetti:
Tags: Aggiungi Tag
Nessun Tag, puoi essere il primo ad aggiungerne!!

MARC

LEADER 00000nla a2200000 4500
001 0210190
005 20240417075102.5
041 0 |a eng 
044 |a SK 
245 1 0 |a Agricultural sector transformation in selected countries of South Eastern Europe  |c Kushtrim Braha ... [et al.] 
520 |a Transformácia poľnohospodárskeho sektora vo vybraných krajinách juhovýchodnej Európy. 
610 2 0 |a Balkán 
610 2 0 |a Turecko 
610 2 0 |a poľnohospodárstvo 
610 2 0 |a transformácia 
100 1 |a Braha, Kushtrim